Statistics for Lady Gaga Filmography

Click here to take the quiz!

General Stats

  • This quiz has been taken 59 times
    (14 since last reset)
  • The average score is 7 of 91

Answer Stats

TypeYearName% Correct
Film2018A Star Is Born
79%
TV Documentary2022Lady Gaga: A Star Is Born
79%
TV Show2015-2016American Horror Story
71%
Film2021House of Gucci
71%
Documentary2017Gaga: Five Foot Two
29%
Film2024Joker: Folie à Deux
29%
TV Show2009-2016Saturday Night Live
29%
Commercial2012Fame
21%
TV Show2012The Simpsons
21%
TV Show2001The Sopranos
21%
TV Show2009, 2010, 2011American Idol
14%
Web Special2021Friends: The Reunion
14%
TV Show2009Gossip Girl
14%
Commercial2019-2020HAUS LABORATORIES
14%
Commercial2011MAC Cosmetics
14%
Film2013Machete Kills
14%
Film2014Muppets Most Wanted
14%
TV Show2017RuPaul's Drag Race
14%
TV Show2013The Voice
14%
Commercial2020Valentino
14%
TV Special2011A Very Gaga Thanksgiving
7%
Commercial2015Barnes & Noble
7%
TV Show2014Great Performances
7%
Commercial2014H&M
7%
Concert Film2012Katy Perry: Part of Me
7%
TV Special2013Lady Gaga and the Muppets Holiday Spectacular
7%
TV Special2011Lady Gaga Presents the Monster Ball Tour: At Madison Square Garden
7%
Commercial2011MTV Video Music Awards
7%
TV Special2020One World: Together at Home
7%
Documentary2016Risk
7%
Film2014Sin City: A Dame to Kill For
7%
Award Show2019The 91st Annual Academy Awards
7%
Video Album2010The Fame Monster: Video EP
7%
TV Show2008The Hills
7%
TV Show2009, 2011, 2013The X Factor UK
7%
Commercial2017Tiffany & Co.
7%
TV Show2011X Factor
7%
Documentary Series2011, 202260 Minutes
0%
TV Show2009Australian Idol
0%
TV Show2005Boiling Points
0%
TV Show2009Boogie
0%
Commercial2016Bud Light
0%
TV Show2009, 2010Connect with the Stars
0%
TV Show2009Dancing with the Stars
0%
TV Special2011Dick Clark's New Year's Rockin' Eve
0%
Documentary Series2010Double Exposure
0%
Commercial2014Eau de Gaga
0%
Documentary2011Gaga by Gaultier
0%
Short Documentary2016Gaga on Gaga
0%
TV Special2011Gaga's Monsters
0%
Web Series2008-2020Gagavision
0%
TV Show2011Germany's Next Topmodel
0%
Commercial2011Google Chrome
0%
Commercial2016'Haus of Gaga' - Intel / Grammy's
0%
Documentary2015Jeremy Scott: The People's Designer
0%
Documentary2020Lady Gaga: Encore
0%
Documentary2021Lady Gaga: Glory
0%
TV Documentary2011Lady Gaga: Inside the Outside
0%
Documentary2010Lady Gaga: One Sequin at a Time
0%
Documentary2012Lady Gaga: On the Edge
0%
Documentary2010Lady Gaga: Revealed
0%
Web Series2012Monstervision
0%
TV Show2007Musicronik
0%
Documentary2018My Name Is Lady Gaga
0%
TV Show2008NewNowNext PopLab
0%
Commercial2013O2 Tracks
0%
TV Special2021One Last Time: An Evening with Tony Bennett and Lady Gaga
0%
TV Show2012Opening Act
0%
Commercial2017Revlon
0%
Commercial2011RTL Television
0%
TV Show2017RuPaul's Drag Race: Untucked!
0%
Commercial2015Shiseido
0%
TV Show2009Sound
0%
TV Show2008, 2011So You Think You Can Dance
0%
Commercial2017Staples Inc.
0%
TV Show2014Strictly Come Dancing
0%
TV Special2017Super Bowl LI Halftime Show
0%
Documentary Mini-Series2017The Defiant Ones
0%
DocumentaryTBAThe Lady and the Legend
0%
TV Show2016The Late Late Show with James Corden
0%
Documentary Mini-Series2021The Me You Can't See
0%
Commercial2014The O2 Arena
0%
TV Show2009The Sunday Night Project
0%
Documentary2012The Zen of Bennett
0%
Commercial2015Tom Ford
0%
TV Special2014Tony Bennett and Lady Gaga: Cheek to Cheek Live!
0%
TV Special2016Tony Bennett Celebrates 90: The Best Is Yet to Come
0%
Commercial2017Tudor Watches
0%
TV Show2021Unplugged
0%
TV Show2016Variety Studio: Actors on Actors
0%
TV Documentary2013Who the F**K Is Arthur Fogel
0%

Score Distribution

Percentile by Number Answered

Percent of People with Each Score

Your Score History

You have not taken this quiz since the last reset